| 000 | 01027nam a22003011 4500 | ||
|---|---|---|---|
| 001 | 1435 | ||
| 003 | BD-RjUL | ||
| 005 | 20211208233334.0 | ||
| 008 | 131125s19621940nyu 000 0 eng | ||
| 035 | _a(BD-RjUL)1457 | ||
| 040 |
_aDLC _cDLC _dDLC _d(BD-RjUL) _beng |
||
| 041 | _aeng | ||
| 082 | 0 | 0 |
_a192 _221 _bWIE 1962 |
| 100 | 1 |
_aWilley, Basil _d1897- _94250 |
|
| 245 | 1 | 4 |
_aThe eighteenth century background; studies on the idea of nature in the thought of the period / _cby Basil Willey |
| 260 |
_aNew York, _bColumbia university press; _aLondon, _bChatto and Windus, _c1940 [1962] |
||
| 300 |
_aviii, 301 pages, 1 leaf ; _c23 cm. |
||
| 500 | _aPrinted in Great Britain. | ||
| 500 | _aErratum slip inserted. | ||
| 650 | 0 |
_aEighteenth century. _9610 |
|
| 650 | 0 |
_aNatural theology. _94251 |
|
| 650 | 0 |
_aNatural law. _94252 |
|
| 650 | 0 |
_aNaturalism in literature. _94253 |
|
| 650 | 0 |
_aEnglish literature _y18th century _xHistory and criticism. _94254 |
|
| 942 |
_2ddc _cBK |
||
| 999 |
_c1435 _d1435 |
||